000 00313pab a2200121 454500
008 180718b xxu||||| |||| 00| 0 eng d
100 _aSubrahmanyam, K.
245 _aNuclear Security: the Indian imperative
650 _a Nuclear security
650 _aDefence, National
773 _aEconomic Times
909 _a22574
999 _c22574
_d22574